iPhone Apps Sudden-Death📱 - Statistics

General Stats
  • This quiz has been taken 366 times
  • The average score is 4 of 7
Answers on the Grid
Answers color-coded by a green-red scale on the quiz's grid according to % correct below.
X
Twitter
Instagram
Bluesky
Fc mobile 5
Facebook
Reddit
Facebook 2
Safari
Snapchat
Skibidi Ohio
 
Answer Stats
Answer % Correct
X
84%
Safari
67%
Facebook
59%
Instagram
58%
Snapchat
58%
Reddit
49%
Bluesky
33%
No matching quizzes found
Score Distribution
Percent of People with Each Score
Percentile by Number Answered
Your Score History
You have not taken this quiz